000 00765nam a2200217Ia 4500
003 GCL
008 140319s9999 xx 000 0 ara d
040 _aGCL /
_cGCL
082 0 4 _a327.172
_bع ا
100 1 _aعبدالمنعم المشاط
245 1 0 _aالامن القومى العربى: ابعادة ومتطلباتة /
_cعبدالمنعم المشاط
700 1 _aمعهد البحوث والدراسات العربية
260 _a[S.N] :
_bمعهد البحوث والدراسات العربية ،
_c1993
300 _a618 ص
490 _a
650 0 4 _aالعالم العربى
650 0 4 _aالنزاع العربى الاسرائيلى
650 0 4 _aالديمقراطية
650 0 4 _aالامن القومى
942 _2ddc
_cBK
999 _c30228
_d30228